{"text_format":"3","workbook":"xlsx","n_sheets":7,"sheets":["评审表","下浮标","E.13 单项工程招标控制价汇总表","E.14 单位工程招标控制价汇总表","E.18 分部分项工程项目清单与措施项目清单计价表","E.21 绿色施工安全防护措施项目费计价表（招投标）","E.40 人工、材料、机械汇总表"],"read":"whole","date_system":"1900"}

{"sheet":"评审表","index":0,"n_rows":4,"n_cols":4,"rows_kept":4,"merged":[[0,0,0,3],[3,0,3,1],[4,0,4,3]]}
["湖南城陵矶临港新区高新产业园3#栋食堂装修工程                 评审汇总表"]
["序号","项目名称","金额（元）","备注"]
[1,"湖南城陵矶临港新区高新产业园        3#栋食堂装修工程",501161.86]
["合计",null,{"$f":"C3","v":501161.86}]

{"sheet":"下浮标","index":1,"n_rows":5,"n_cols":9,"rows_kept":5,"merged":[[0,0,0,8]]}
["湖南城陵矶临港新区高新产业园3#栋食堂装修工程预算评审下浮表"]
[]
["序号","工程名称","单位","下浮前建安费","绿色施工、安全防护               措施项目费","安责险、环保税","询价主材费","下浮金额","下浮后建安费"]
[{"$nulls":3},"A","B","C","D","E=(A-B-C-D)*0.15","F=A-E"]
[1,"装饰工程","元",585771.52,16386.3,5320.84,null,{"$f":"(D5-E5-F5)*0.15","v":{"v":84609.657,"d":"84609.66"}},{"$f":"D5-H5","v":{"v":501161.863,"d":"501161.86"}}]

{"sheet":"E.13 单项工程招标控制价汇总表","index":2,"n_rows":31,"n_cols":7,"rows_kept":31,"merged":[[0,0,0,6],[1,0,1,1],[1,2,1,3],[1,4,1,6],[2,0,3,0],[2,1,3,2],[2,3,3,4],[2,5,2,6],[4,1,4,2],[4,3,4,4],[5,1,5,2],[5,3,5,4],[6,1,6,2],[6,3,6,4],[7,1,7,2],[7,3,7,4],[8,1,8,2],[8,3,8,4],[9,1,9,2],[9,3,9,4],[10,1,10,2],[10,3,10,4],[11,1,11,2],[11,3,11,4],[12,1,12,2],[12,3,12,4],[13,1,13,2],[13,3,13,4],[14,1,14,2],[14,3,14,4],[15,1,15,2],[15,3,15,4],[16,1,16,2],[16,3,16,4],[17,1,17,2],[17,3,17,4],[18,1,18,2],[18,3,18,4],[19,1,19,2],[19,3,19,4],[20,1,20,2],[20,3,20,4],[21,1,21,2],[21,3,21,4],[22,1,22,2],[22,3,22,4],[23,1,23,2],[23,3,23,4],[24,1,24,2],[24,3,24,4],[25,1,25,2],[25,3,25,4],[26,1,26,2],[26,3,26,4],[27,1,27,2],[27,3,27,4],[28,0,28,2],[28,3,28,4],[29,0,29,1],[29,2,29,3],[29,4,29,6],[30,0,30,1],[30,2,30,3],[30,4,30,6]]}
["E.13：单项工程招标控制价汇总表"]
["工程名称：整个项目",{"$nulls":3},"第  1  页 共  1  页"]
["序号","单位工程名称",null,"金额\n（元）",null,"其中：（元）"]
[{"$nulls":5},"绿色施工安全防护措施项目费","暂估价"]
["1","装饰工程",null,585771.52,null,16386.3]
{"$rows_empty":23}
["合计",null,null,585771.52,null,16386.3]
["注：本表适用于单项工程招投标控制价或投标报价的汇总。"]
[{"$nulls":4},"广联达科技股份有限公司"]

{"sheet":"E.14 单位工程招标控制价汇总表","index":3,"n_rows":29,"n_cols":9,"rows_kept":29,"merged":[[0,0,0,4],[0,5,0,8],[1,0,1,8],[2,0,2,1],[2,2,2,4],[2,5,2,8],[3,1,3,2],[3,3,3,5],[4,1,4,2],[4,3,4,5],[5,1,5,2],[5,3,5,5],[6,1,6,2],[6,3,6,5],[7,1,7,2],[7,3,7,5],[8,1,8,2],[8,3,8,5],[9,1,9,2],[9,3,9,5],[10,1,10,2],[10,3,10,5],[11,1,11,2],[11,3,11,5],[12,1,12,2],[12,3,12,5],[13,1,13,2],[13,3,13,5],[14,1,14,2],[14,3,14,5],[15,1,15,2],[15,3,15,5],[16,1,16,2],[16,3,16,5],[17,1,17,2],[17,3,17,5],[18,1,18,2],[18,3,18,5],[19,1,19,2],[19,3,19,5],[20,1,20,2],[20,3,20,5],[21,1,21,2],[21,3,21,5],[22,1,22,2],[22,3,22,5],[23,1,23,2],[23,3,23,5],[24,1,24,2],[24,3,24,5],[25,1,25,2],[25,3,25,5],[26,1,26,2],[26,3,26,5],[27,0,27,2],[27,3,27,5],[28,0,28,1],[28,2,28,3],[28,5,28,8]]}
[]
["E.14：单位工程招标控制价汇总表"]
["工程名称：装饰工程",null,"标段：",null,null,"第 1 页  共 1 页"]
["序号","工程内容",null,"计费基础说明 ",null,null,"费率%","金额","其中：\n暂估价（元）"]
["一","分部分项工程费",null,"分部分项费用合计",{"$nulls":3},514874.12]
["1","直接费",{"$nulls":5},456443.01]
["1.1","人工费",{"$nulls":5},171398.23]
["1.2","材料费",{"$nulls":5},280241.4]
["1.2.1","其中：工程设备费/其他",null,"（详见附录C说明第2条规定计算）"]
["1.3","机械费",{"$nulls":5},4803.38]
["2","管理费",{"$nulls":4},6.8,31038.07]
["3","其他管理费",null,"（详见附录C说明第2条规定计算）",null,null,2]
["4","利润",{"$nulls":4},6,27386.57]
["二","措施项目费",null,"1+2+3",{"$nulls":3},17210.1]
["1","单价措施项目费",null,"单价措施项目费合计"]
["1.1","直接费"]
["1.1.1","人工费"]
["1.1.2","材料费"]
["1.1.3","机械费"]
["1.2","管理费",{"$nulls":4},6.8]
["1.3","利润",{"$nulls":4},6]
["2","总价措施项目费",null,"（按E.20总价措施项目计价表计算）",{"$nulls":3},823.8]
["3","绿色施工安全防护措施项目费",null,"（按E.21绿色施工安全防护措施费计价表计算）",null,null,3.59,16386.3]
["3.1","其中安全生产费",null,"（按E.21绿色施工安全防护措施费计价表计算）",null,null,3.29,15016.98]
["三","其他项目费",null,"（按E.23其他项目计价汇总表计算）",{"$nulls":3},5320.84]
["四","税前造价",null,"一+二+三",{"$nulls":3},537405.06]
["五","销项税额",null,"四",null,null,9,48366.46]
["单位工程建安造价",null,null,"四+五",{"$nulls":3},585771.52]
[{"$nulls":5},"广联达科技股份有限公司"]

{"sheet":"E.18 分部分项工程项目清单与措施项目清单计价表","index":4,"n_rows":99,"n_cols":11,"rows_kept":99,"merged":[[0,0,0,12],[1,0,1,12],[2,0,2,2],[2,3,2,6],[2,7,2,12],[3,0,5,0],[3,1,5,1],[3,2,5,3],[3,4,5,4],[3,5,5,5],[3,6,5,7],[3,8,3,12],[4,8,5,8],[4,9,5,9],[4,10,5,12],[6,2,6,3],[6,6,6,7],[6,10,6,12],[7,2,7,3],[7,4,8,4],[7,6,7,7],[7,10,7,12],[8,2,8,3],[8,6,8,7],[8,10,8,12],[9,2,9,3],[9,4,10,4],[9,6,9,7],[9,10,9,12],[10,2,10,3],[10,6,10,7],[10,10,10,12],[11,2,11,3],[11,6,11,7],[11,10,11,12],[12,0,12,8],[12,10,12,12],[13,0,13,12],[14,0,14,2],[14,3,14,6],[14,7,14,12],[15,0,15,12],[16,0,16,12],[17,0,17,2],[17,3,17,6],[17,7,17,12],[18,0,20,0],[18,1,20,1],[18,2,20,3],[18,4,20,4],[18,5,20,5],[18,6,20,7],[18,8,18,12],[19,8,20,8],[19,9,20,9],[19,10,20,12],[21,2,21,3],[21,4,23,4],[21,6,21,7],[21,10,21,12],[22,2,22,3],[22,6,22,7],[22,10,22,12],[23,2,23,3],[23,6,23,7],[23,10,23,12],[24,0,24,8],[24,10,24,12],[25,0,25,12],[26,0,26,2],[26,3,26,6],[26,7,26,12],[27,0,27,12],[28,0,28,12],[29,0,29,2],[29,3,29,6],[29,7,29,12],[30,0,32,0],[30,1,32,1],[30,2,32,3],[30,4,32,4],[30,5,32,5],[30,6,32,7],[30,8,30,12],[31,8,32,8],[31,9,32,9],[31,10,32,12],[33,2,33,3],[33,6,33,7],[33,10,33,12],[34,0,34,8],[34,10,34,12],[35,0,35,12],[36,0,36,2],[36,3,36,6],[36,7,36,12],[37,0,37,12],[38,0,38,12],[39,0,39,2],[39,3,39,6],[39,7,39,12],[40,0,42,0],[40,1,42,1],[40,2,42,3],[40,4,42,4],[40,5,42,5],[40,6,42,7],[40,8,40,12],[41,8,42,8],[41,9,42,9],[41,10,42,12],[43,2,43,3],[43,6,43,7],[43,10,43,12],[44,0,44,8],[44,10,44,12],[45,0,45,12],[46,0,46,2],[46,3,46,6],[46,7,46,12],[47,0,47,12],[48,0,48,12],[49,0,49,2],[49,3,49,6],[49,7,49,12],[50,0,52,0],[50,1,52,1],[50,2,52,3],[50,4,52,4],[50,5,52,5],[50,6,52,7],[50,8,50,12],[51,8,52,8],[51,9,52,9],[51,10,52,12],[53,2,53,3],[53,6,53,7],[53,10,53,12],[54,0,54,8],[54,10,54,12],[55,0,55,12],[56,0,56,2],[56,3,56,6],[56,7,56,12],[57,0,57,12],[58,0,58,12],[59,0,59,2],[59,3,59,6],[59,7,59,12],[60,0,62,0],[60,1,62,1],[60,2,62,3],[60,4,62,4],[60,5,62,5],[60,6,62,7],[60,8,60,12],[61,8,62,8],[61,9,62,9],[61,10,62,12],[63,2,63,3],[63,6,63,7],[63,10,63,12],[64,0,64,8],[64,10,64,12],[65,0,65,12],[66,0,66,2],[66,3,66,6],[66,7,66,12],[67,0,67,12],[68,0,68,12],[69,0,69,2],[69,3,69,6],[69,7,69,12],[70,0,72,0],[70,1,72,1],[70,2,72,3],[70,4,72,4],[70,5,72,5],[70,6,72,7],[70,8,70,12],[71,8,72,8],[71,9,72,9],[71,10,72,12],[73,2,73,3],[73,4,75,4],[73,6,73,7],[73,10,73,12],[74,2,74,3],[74,6,74,7],[74,10,74,12],[75,2,75,3],[75,6,75,7],[75,10,75,12],[76,2,76,3],[76,4,78,4],[76,6,76,7],[76,10,76,12],[77,2,77,3],[77,6,77,7],[77,10,77,12],[78,2,78,3],[78,6,78,7],[78,10,78,12],[79,2,79,3],[79,6,79,7],[79,10,79,12],[80,0,80,8],[80,10,80,12],[81,0,81,12],[82,0,82,2],[82,3,82,6],[82,7,82,12],[83,0,83,12],[84,0,84,12],[85,0,85,2],[85,3,85,6],[85,7,85,12],[86,0,88,0],[86,1,88,1],[86,2,88,3],[86,4,88,4],[86,5,88,5],[86,6,88,7],[86,8,86,12],[87,8,88,8],[87,9,88,9],[87,10,88,12],[89,2,89,3],[89,4,91,4],[89,6,89,7],[89,10,89,12],[90,2,90,3],[90,6,90,7],[90,10,90,12],[91,2,91,3],[91,6,91,7],[91,10,91,12],[92,2,92,3],[92,4,93,4],[92,6,92,7],[92,10,92,12],[93,2,93,3],[93,6,93,7],[93,10,93,12],[94,2,94,3],[94,6,94,7],[94,10,94,12],[95,0,95,8],[95,10,95,12],[96,0,96,8],[96,10,96,12],[97,0,97,12],[98,0,98,2],[98,3,98,6],[98,7,98,12]]}
[]
["E.18：分部分项工程项目清单与措施项目清单计价表"]
["工程名称：装饰工程",null,null,"标段：",{"$nulls":3},"第  1  页  共  8  页"]
["序号","项目编码","项目名称",null,"项目特征描述","计量\n单位","工程量",null,"金额（元）"]
[{"$nulls":8},"综合单价","合价","其中：\n暂估价"]
[]
[null,null,"新建部分",{"$nulls":6},514874.12]
[1,"010201001001","炉渣回填",null,"1.炉渣回填\n2.回填深度：350mm \n3.回填范围：详见设计图","m3",2.18,null,130.15,283.73]
["1.1","A2-7 换","填铺 石屑 \u007f换为【炉渣】",null,null,"10m3",0.21805,null,1301.2,283.73]
[2,"011102003002","陶瓷地面砖800*800-餐厅区域",null,"1.铺贴范围：餐厅区域地面\n2.面层材质、规格：陶瓷地面砖 800*800mm\n3.找平层厚度、砂浆种类：20mm厚 预拌干混地面砂浆 DS M15.0\n4.参考 图集15zj001 楼201 陶瓷地砖楼面","m2",1568.08,null,187.1,293387.77]
["2.1","A11-54","陶瓷地面砖 楼地面(每块面积在cm2以内) 6400",null,null,"100m2",15.6808,null,18709.75,293383.85]
[3,"011102003004","防滑陶瓷地面砖300*300-厨房区域",null,"1.铺贴范围：厨房地面区域\n2.面层材质、规格：防滑陶瓷地面砖 300*300mm\n3.水泥砂浆厚度、砂浆种类：25mm厚 预拌干混地面砂浆 DS M15.0\n4.防水膜品种:聚氨酯涂膜防水\n5.涂膜厚度、遍数:1.5mm厚 机械刷涂两遍 翻起300mm\n6.找平层厚度、砂浆种类：20mm厚 预拌干混地面砂浆 DS M15.0\n7.参考 图集15zj001 楼201 陶瓷地砖防水楼面 F","m2",298.25,null,224.79,67043.62]
["本页小计",{"$nulls":8},360715.12]
["注：1.本表工程量清单项目综合的消耗量标准与E.19综合单价分析表综合的内容应相同；2.此表用于竣工结算时无暂估价栏。"]
[{"$nulls":7},"广联达科技股份有限公司"]
[]
["E.18：分部分项工程项目清单与措施项目清单计价表"]
["工程名称：装饰工程",null,null,"标段：",{"$nulls":3},"第  2  页  共  8  页"]
["序号","项目编码","项目名称",null,"项目特征描述","计量\n单位","工程量",null,"金额（元）"]
[{"$nulls":8},"综合单价","合价","其中：\n暂估价"]
[]
["3.1","A11-53 换","陶瓷地面砖 楼地面(每块面积在cm2以内) 3600 \u007f换为【陶瓷地砖 300×300】",null,null,"100m2",2.9825,null,14132.46,42150.06]
["3.2","A8-145","楼地面防水 双组分聚氨酯涂膜防水 1.5mm厚 机械涂刷  \u007f",null,null,"100m2",3.6599,null,3973.91,14544.11]
["3.3","A11-1","找平层 水泥砂浆 混凝土或硬基层上 20mm",null,null,"100m2",2.9825,null,3470.31,10350.2]
["本页小计",{"$nulls":8},360715.12]
["注：1.本表工程量清单项目综合的消耗量标准与E.19综合单价分析表综合的内容应相同；2.此表用于竣工结算时无暂估价栏。"]
[{"$nulls":7},"广联达科技股份有限公司"]
[]
["E.18：分部分项工程项目清单与措施项目清单计价表"]
["工程名称：装饰工程",null,null,"标段：",{"$nulls":3},"第  3  页  共  8  页"]
["序号","项目编码","项目名称",null,"项目特征描述","计量\n单位","工程量",null,"金额（元）"]
[{"$nulls":8},"综合单价","合价","其中：\n暂估价"]
[]
[4,"011102003001","防滑陶瓷地面砖300*300-卫生间区域",null,"1.铺贴范围：卫生间地面区域\n2.面层材质、规格：防滑陶瓷地面砖 300*300mm\n3.水泥砂浆厚度、砂浆种类：25mm厚 预拌干混地面砂浆 DS M15.0\n4.防水膜品种:聚氨酯涂膜防水\n5.涂膜厚度、遍数:1.5mm厚 机械刷涂两遍 翻起300mm\n6.找平层厚度、砂浆种类：20mm厚 预拌干混地面砂浆 DS M15.0\n7.C10轻骨料混凝土找坡（3%），坡向地漏\n8.0.7厚聚乙烯丙纶防水卷材\n9.找平层厚度、砂浆种类：20mm厚 预拌干混地面砂浆 DS M15.0\n10.参考 图集15zj001 楼201 陶瓷地砖防水楼面 XF","m2",6.44,null,344.15,2216.33]
["本页小计",{"$nulls":8},2216.33]
["注：1.本表工程量清单项目综合的消耗量标准与E.19综合单价分析表综合的内容应相同；2.此表用于竣工结算时无暂估价栏。"]
[{"$nulls":7},"广联达科技股份有限公司"]
[]
["E.18：分部分项工程项目清单与措施项目清单计价表"]
["工程名称：装饰工程",null,null,"标段：",{"$nulls":3},"第  4  页  共  8  页"]
["序号","项目编码","项目名称",null,"项目特征描述","计量\n单位","工程量",null,"金额（元）"]
[{"$nulls":8},"综合单价","合价","其中：\n暂估价"]
[]
["4.1","A11-53 换","陶瓷地面砖 楼地面(每块面积在cm2以内) 3600 \u007f换为【陶瓷地砖 300×300】",null,null,"100m2",0.0644,null,14132.46,910.13]
["本页小计",{"$nulls":8},2216.33]
["注：1.本表工程量清单项目综合的消耗量标准与E.19综合单价分析表综合的内容应相同；2.此表用于竣工结算时无暂估价栏。"]
[{"$nulls":7},"广联达科技股份有限公司"]
[]
["E.18：分部分项工程项目清单与措施项目清单计价表"]
["工程名称：装饰工程",null,null,"标段：",{"$nulls":3},"第  5  页  共  8  页"]
["序号","项目编码","项目名称",null,"项目特征描述","计量\n单位","工程量",null,"金额（元）"]
[{"$nulls":8},"综合单价","合价","其中：\n暂估价"]
[]
["4.2","A8-145","楼地面防水 双组分聚氨酯涂膜防水 1.5mm厚 机械涂刷  \u007f",null,null,"100m2",0.10358,null,3973.91,411.62]
["本页小计",{"$nulls":8},2216.33]
["注：1.本表工程量清单项目综合的消耗量标准与E.19综合单价分析表综合的内容应相同；2.此表用于竣工结算时无暂估价栏。"]
[{"$nulls":7},"广联达科技股份有限公司"]
[]
["E.18：分部分项工程项目清单与措施项目清单计价表"]
["工程名称：装饰工程",null,null,"标段：",{"$nulls":3},"第  6  页  共  8  页"]
["序号","项目编码","项目名称",null,"项目特征描述","计量\n单位","工程量",null,"金额（元）"]
[{"$nulls":8},"综合单价","合价","其中：\n暂估价"]
[]
["4.3","A11-1","找平层 水泥砂浆 混凝土或硬基层上 20mm",null,null,"100m2",0.0644,null,3470.31,223.49]
["本页小计",{"$nulls":8},2216.33]
["注：1.本表工程量清单项目综合的消耗量标准与E.19综合单价分析表综合的内容应相同；2.此表用于竣工结算时无暂估价栏。"]
[{"$nulls":7},"广联达科技股份有限公司"]
[]
["E.18：分部分项工程项目清单与措施项目清单计价表"]
["工程名称：装饰工程",null,null,"标段：",{"$nulls":3},"第  7  页  共  8  页"]
["序号","项目编码","项目名称",null,"项目特征描述","计量\n单位","工程量",null,"金额（元）"]
[{"$nulls":8},"综合单价","合价","其中：\n暂估价"]
[]
["4.4","A9-24 换","屋面保温 现浇水泥陶粒混凝土  \u007f换为【轻骨料混凝土】",null,null,"10m3",0.02254,null,6649.18,149.87]
["4.5","A8-18 换","聚乙烯-丙纶复合防水卷材 双层 \u007f单价*0.5",null,null,"100m2",0.10358,null,2874.53,297.74]
["4.6","A11-1","找平层 水泥砂浆 混凝土或硬基层上 20mm",null,null,"100m2",0.0644,null,3470.31,223.49]
[5,"011102001001","门槛石",null,"1.面层材料：20mm 大理石\n2.砂浆种类：20mm预拌干混地面砂浆 DS M15.0\n3.砂浆厚度：30mm(20mm铺贴厚度+10m找平厚度）\n4.铺贴范围：大厅、包厢、办公区","m2",2.68,null,338.84,908.09]
["5.1","A11-49","石材块料面层 零星项目 水泥砂浆",null,null,"100m2",0.02678,null,31928.89,855.06]
["5.2","A11-1 换","找平层 水泥砂浆 混凝土或硬基层上 20mm \u007f实际厚度(mm):10",null,null,"100m2",0.02678,null,1979.79,53.02]
[6,"011102001002","门槛石",null,"1.面层材料：20mm 大理石\n2.砂浆种类：预拌干混地面砂浆 DS M15.0\n3.聚氨酯防水涂料1.5mm厚 人工涂刷\n4.砂浆厚度：30mm(20mm铺贴厚度+10m找平厚度）\n5.铺贴范围：厨房、卫生间","m2",2.42,null,387.42,937.56]
["本页小计",{"$nulls":8},1845.65]
["注：1.本表工程量清单项目综合的消耗量标准与E.19综合单价分析表综合的内容应相同；2.此表用于竣工结算时无暂估价栏。"]
[{"$nulls":7},"广联达科技股份有限公司"]
[]
["E.18：分部分项工程项目清单与措施项目清单计价表"]
["工程名称：装饰工程",null,null,"标段：",{"$nulls":3},"第  8  页  共  8  页"]
["序号","项目编码","项目名称",null,"项目特征描述","计量\n单位","工程量",null,"金额（元）"]
[{"$nulls":8},"综合单价","合价","其中：\n暂估价"]
[]
["6.1","A11-49","石材块料面层 零星项目 水泥砂浆",null,null,"100m2",0.0242,null,31928.89,772.68]
["6.2","A8-147","楼地面防水 双组分聚氨酯涂膜防水 1.5mm厚 人工涂刷",null,null,"100m2",0.0242,null,4833.45,116.97]
["6.3","A11-1 换","找平层 水泥砂浆 混凝土或硬基层上 20mm \u007f实际厚度(mm):10",null,null,"100m2",0.0242,null,1979.79,47.91]
[7,"011204003001","块料墙面",null,"1.墙裙材质、规格：陶瓷墙面砖 300*600 \n2.墙裙高度：1500mm\n3.砂浆种类：预拌干混抹灰砂浆 DP M20.0\n4.砂浆厚度：20mm","m2",894.02,null,167.89,150097.02]
["7.1","A12-111 换","面砖 水泥砂浆粘贴 周长在(mm以内) 2000 \u007f换为【全瓷内墙砖 300×600】",null,null,"100m2",8.9402,null,16788.63,150093.71]
[null,null,"单价措施费"]
["本页小计",{"$nulls":8},150097.02]
["合    计",{"$nulls":8},514874.12]
["注：1.本表工程量清单项目综合的消耗量标准与E.19综合单价分析表综合的内容应相同；2.此表用于竣工结算时无暂估价栏。"]
[{"$nulls":7},"广联达科技股份有限公司"]

{"sheet":"E.21 绿色施工安全防护措施项目费计价表（招投标）","index":5,"n_rows":32,"n_cols":11,"rows_kept":32,"merged":[[0,0,0,8],[0,9,0,10],[1,0,1,10],[2,0,2,3],[2,4,2,8],[2,9,2,10],[3,1,3,4],[3,6,3,7],[3,8,3,9],[4,1,4,4],[4,6,4,7],[4,8,4,9],[4,10,5,10],[5,1,5,4],[5,6,5,7],[5,8,5,9],[6,1,6,4],[6,6,6,7],[6,8,6,9],[7,1,7,4],[7,6,7,7],[7,8,7,9],[8,1,8,4],[8,6,8,7],[8,8,8,9],[9,1,9,4],[9,6,9,7],[9,8,9,9],[10,1,10,4],[10,6,10,7],[10,8,10,9],[11,1,11,4],[11,6,11,7],[11,8,11,9],[12,1,12,4],[12,6,12,7],[12,8,12,9],[13,1,13,4],[13,6,13,7],[13,8,13,9],[14,1,14,4],[14,6,14,7],[14,8,14,9],[15,1,15,4],[15,6,15,7],[15,8,15,9],[16,1,16,4],[16,6,16,7],[16,8,16,9],[17,1,17,4],[17,6,17,7],[17,8,17,9],[18,1,18,4],[18,6,18,7],[18,8,18,9],[19,1,19,4],[19,6,19,7],[19,8,19,9],[20,1,20,4],[20,6,20,7],[20,8,20,9],[21,1,21,4],[21,6,21,7],[21,8,21,9],[22,1,22,4],[22,6,22,7],[22,8,22,9],[23,1,23,4],[23,6,23,7],[23,8,23,9],[24,1,24,4],[24,6,24,7],[24,8,24,9],[25,1,25,4],[25,6,25,7],[25,8,25,9],[26,1,26,4],[26,6,26,7],[26,8,26,9],[27,1,27,4],[27,6,27,7],[27,8,27,9],[28,1,28,4],[28,6,28,7],[28,8,28,9],[29,1,29,4],[29,6,29,7],[29,8,29,9],[30,0,30,10],[31,0,31,1],[31,4,31,6],[31,7,31,10]]}
[]
["E.21：绿色施工安全防护措施项目费计价表（招投标）"]
["工程名称：装饰工程",{"$nulls":3},"标段：",{"$nulls":4},"第  1  页  共  1  页"]
["序号","工程内容",{"$nulls":3},"计算基数","费率(%)",null,"金额(元)",null,"备注"]
["一","绿色施工安全防护措施项目费",{"$nulls":3},"直接费","3.59",null,16386.3,null,"按附录C说明及表4相应总费率标准计算"]
["其中：","安全生产费",{"$nulls":3},"直接费","3.29",null,15016.98]
{"$rows_empty":24}
["注：安装工程取费基数按人工费，其他工程取费基数按直接费（不含其他管理费的计费基数。详附录C说明）计算。"]
[{"$nulls":7},"广联达科技股份有限公司"]

{"sheet":"E.40 人工、材料、机械汇总表","index":6,"n_rows":33,"n_cols":10,"rows_kept":33,"merged":[[0,0,0,9],[1,0,1,2],[1,3,1,5],[1,6,1,9],[2,0,3,0],[2,1,3,1],[2,2,3,3],[2,4,3,4],[2,5,3,6],[2,7,3,7],[2,8,3,8],[2,9,3,9],[4,2,4,3],[4,5,4,6],[5,2,5,3],[5,5,5,6],[6,2,6,3],[6,5,6,6],[7,2,7,3],[7,5,7,6],[8,2,8,3],[8,5,8,6],[9,2,9,3],[9,5,9,6],[10,2,10,3],[10,5,10,6],[11,2,11,3],[11,5,11,6],[12,2,12,3],[12,5,12,6],[13,2,13,3],[13,5,13,6],[14,2,14,3],[14,5,14,6],[15,2,15,3],[15,5,15,6],[16,2,16,3],[16,5,16,6],[17,2,17,3],[17,5,17,6],[18,2,18,3],[18,5,18,6],[19,2,19,3],[19,5,19,6],[20,2,20,3],[20,5,20,6],[21,2,21,3],[21,5,21,6],[22,2,22,3],[22,5,22,6],[23,2,23,3],[23,5,23,6],[24,2,24,3],[24,5,24,6],[25,2,25,3],[25,5,25,6],[26,2,26,3],[26,5,26,6],[27,2,27,3],[27,5,27,6],[28,2,28,3],[28,5,28,6],[29,1,29,3],[29,5,29,6],[30,1,30,3],[30,5,30,6],[31,0,31,9],[32,0,32,2],[32,3,32,5],[32,6,32,9]]}
["E.40：人工、材料、机械汇总表"]
["工程名称：装饰工程",null,null,"标段：",null,null,"        第 1 页  共 1 页"]
["序号","编码","名称(材料、机械规格型号)",null,"单位","数量",null,"单价（元）","合价（元）","备注"]
[]
[1,"H00001","人工费 ",null,"元",171398.237,null,1,171398.24]
[2,"03130700007","石料切割锯片 ",null,"片",15.015,null,35.4,531.53]
[3,"04010400001","白水泥 ",null,"kg",279.922,null,0.63,176.35]
[4,"04070100002","炉渣 ",null,"m3",2.513,null,61.97,155.73]
[5,"07010100025","全瓷内墙砖 300×600 ",null,"m2",929.781,null,70.03,65112.56]
[6,"07050100001","陶瓷地砖 300×300 ",null,"m2",305.706,null,44.27,13533.6]
[7,"07050100001@1","陶瓷防滑地砖 300×300 ",null,"m2",6.601,null,44.27,292.23]
[8,"07050100004","陶瓷地砖 800×800 ",null,"m2",1630.803,null,83.22,135715.43]
[9,"08010000001","大理石板 δ20mm ",null,"m2",5.404,null,168.22,909.06]
[10,"13031100004","丙烯酸JS防水涂料 ",null,"kg",1.761,null,24.79,43.66]
[11,"13031100017","聚氨酯防水涂料 双组分",null,"kg",693.716,null,15.49,10745.66]
[12,"13031100017@1","聚氨酯防水涂料 双组分",null,"kg",19.504,null,15.49,302.12]
[13,"13333100004","聚乙烯丙纶复合卷材 0.7mm厚 ",null,"m2",11.912,null,4.161,49.57]
[14,"14410000011","建筑胶 ",null,"kg",273.57,null,2.5,683.93]
[15,"34110100002","水 ",null,"t",59.439,null,3.2,190.2]
[16,"34110100002@1","水 ",null,"t",0.158,null,3.2,0.51]
[17,"39010100047@1","C10轻骨料混凝土 ",null,"m3",0.234,null,463.32,108.42]
[18,"80010200005","聚合物水泥基K11灰浆 ",null,"kg",15.537,null,6.5,100.99]
[19,"88010500001","其他材料费 ",null,"元",6499.23,null,1,6499.23]
[20,"80010100005","预拌干混地面砂浆 DS M15.0 ",null,"m3",45.793,null,705.557,32309.57]
[21,"80010200003","预拌干混抹灰砂浆 DP M20.0 ",null,"m3",18.238,null,700.771,12780.66]
[22,"J1-35","电动夯实机 夯击能量(N·m) 250 小",null,"台班",0.036,null,26.008,0.94]
[23,"J6-14","干混砂浆罐式搅拌机 200(L) 小",null,"台班",10.489,null,217.368,2279.97]
[24,"J7-102","岩石切割机 功率(kW) 3 小",null,"台班",42.077,null,44.703,1880.97]
[25,"JX001","其他机械费 ",null,"元",697.091,null,0.92,641.32]
[null,"本页小计",null,null,"元",{"$nulls":3},456442.45]
[null,"合计",null,null,"元",{"$nulls":3},456442.45]
["注：招标控制价、投标报价、竣工结算通用表。"]
[{"$nulls":6},"广联达科技股份有限公司"]